Statystyki dla Quiz o Ghanie

Kliknij tutaj aby rozwiązać quiz!

Ogólne statystyki

  • Ten quiz został rozwiązany 766 razy
  • Średni wynik to 8 z 15

Statystyki odpowiedzi

WskazówkaOdpowiedź% Poprawnych
Państwa graniczące z GhanąTogo
92%
Państwa graniczące z GhanąWybrzeże Kości
Słoniowej
91%
Język oficjalnyangielski
86%
Państwa graniczące z GhanąBurkina Faso
86%
Sześć europejskich państw skolonizowało Ghanę.
Które państwo było pierwsze?
Portugalia
82%
StolicaAkra
80%
Zatoka oceaniczna, nad którą leży GhanaZatoka {Gwinejska}
67%
Główna linia długości geograficznej,
na której leży Ghana
Południk zerowy
56%
Kolonialna nazwa Ghany{Złote} Wybrzeże
53%
... i drugi w kolejności producent
tego bardzo pożądanego ziarna
Kakao
43%
Dyplomata z Ghany, który przewodził
ONZ w latach 1997-2006
Kofi Annan
30%
Najdłuższa rzekaWolta
27%
Grupa etniczna, do której należy
47,5% całej populacji Ghany
Akan
18%
Ghana jest drugim co do wielkości
producentem tej jadalnej bulwy
Pochrzyn
17%
Afroamerykański intelektualista, który
wyemigrował do Ghany
W.E.B.
{Du} {Bois}
16%

Rozkład punktacji

Percentyl według liczby udzielonych odpowiedzi

Procent ludzi z każdym wynikiem

Twoja historia wyników

Nie rozwiązałeś tego quizu